| 000 | 00985nam a22002177a 4500 | ||
|---|---|---|---|
| 999 |
_c9674 _d9674 |
||
| 003 | AR-CdUCM | ||
| 008 | 190328b ||||| |||| 00| 0 spa d | ||
| 040 |
_aMUNICIPALIDAD PROVINCIAL DEL CUSCO _cBIBLIOTECA MUNICIPAL DEL CUSCO |
||
| 082 |
_22ed. _a975.980 / _bF82 / 1926 |
||
| 100 |
_aFranco, José R. del _926032 |
||
| 245 |
_aLa América Española : _bGeografía física, Económica y reseña Histórica de las Naciones Hispano - Americanas / |
||
| 260 |
_aBuenos Aires : _bImpr. M. Rodríguez Giles, _c1926. |
||
| 300 |
_aVIII, 284 páginas ; _bmapa, _c20 cm. |
||
| 500 | _aDespués del titulo: Al primer estudiante Español S.A.R. el príncipe de Asturias y en su augusta persona a la juventud estudiosa de España y de Hispano - América. | ||
| 505 | _aContenido: Argentina -- Bolivia -- Colombia -- Costa Rica -- Cuba -- Chile ... | ||
| 650 |
_aHistoria _9136 |
||
| 650 |
_aAmérica del Centro _91730 |
||
| 650 |
_aAmérica del Sur _9742 |
||
| 942 |
_2ddc _cLIBROS |
||
| 945 | _aachl | ||